[Event "World Blitz Women 2017"]
[Site "Riyadh KSA"]
[Date "2017.12.30"]
[Round "18.21"]
[White "Nakhbayeva, Guliskhan"]
[Black "Saduakassova, Dinara"]
[Result "0-1"]
[WhiteTitle "WGM"]
[BlackTitle "IM"]
[WhiteElo "2314"]
[BlackElo "2460"]
[WhiteFideId "13704788"]
[BlackFideId "13700090"]
[EventDate "2017.12.29"]

1. d4 Nf6 2. c4 b6 3. Nf3 Bb7 4. g3 g6 5. Bg2 Bg7 6. O-O O-O 7. b3 d5 8. cxd5
Bxd5 9. Bb2 Ne4 10. Nbd2 c5 11. e3 Nc6 12. Nc4 Rc8 13. Nfe5 cxd4 14. exd4 Nf6
15. Bh3 e6 16. Ne3 Be4 17. Rc1 Ne7 18. Qd2 Ned5 19. N3c4 Bf5 20. Bg2 h5 21. h4
Kh7 22. Qe2 Bh6 23. Rcd1 b5 24. Na3 a6 25. Nf3 Nc3 26. Bxc3 Rxc3 27. Ng5+ Bxg5
28. hxg5 Nd5 29. Qd2 b4 30. Nc4 Rc2 31. Qe1 Qxg5 32. Nd6 Nc3 33. Qe5 h4 34. Ne4
Nxe4 35. Bxe4 Re2 36. Qd6 Kg8 37. Bxf5 exf5 38. Qxa6 Rfe8 39. d5 hxg3 40. f4 Qh4 0-1

[Event "World Blitz Women 2017"]
[Site "Riyadh KSA"]
[Date "2017.12.30"]
[Round "18.22"]
[White "Batsiashvili, Nino"]
[Black "Szczepkowska, Karina"]
[Result "0-1"]
[WhiteTitle "IM"]
[BlackTitle "IM"]
[WhiteElo "2502"]
[BlackElo "2419"]
[WhiteFideId "13602993"]
[BlackFideId "1122681"]
[EventDate "2017.12.29"]

1. d4 Nf6 2. c4 Nc6 3. Nc3 e5 4. d5 Ne7 5. a3 Ng6 6. h4 Bc5 7. h5 Nf8 8. b4 Bd4
9. Bb2 d6 10. Nf3 Bb6 11. Na4 Bg4 12. h6 g6 13. c5 dxc5 14. Bxe5 N8d7 15. Bb2
Qe7 16. e3 cxb4 17. Be2 O-O 18. O-O Bf5 19. axb4 Rfe8 20. Bc3 Rad8 21. Nd4 Be4
22. Nxb6 axb6 23. Rc1 Nxd5 24. Ba1 N7f6 25. Bf3 Nxb4 26. Bxe4 Nxe4 27. Qb3 c5
28. Nf3 Rd3 29. Qb2 f6 30. Rc4 Rf8 31. Qb1 Rfd8 32. Qb2 R8d6 33. g3 Rd1 34. Rxd1
Rxd1+ 35. Kg2 Rd6 36. Qb1 Nd2 37. Nxd2 Rxd2 38. Qc1 Qxe3 39. Rf4 Rxf2+ 40. Rxf2
Qxc1 41. Bxf6 Qd1 42. Bg7 Qd5+ 43. Kh2 Qd8 44. Re2 Nd3 45. Rd2 c4 46. Rd1 Kf7
47. Rf1+ Ke6 48. Rd1 b5 49. Rb1 Qd5 50. Rf1 b4 51. Rf6+ Kd7 52. Rf8 b3 53. Bf6
Kc6 54. Rc8+ Kb5 55. Rh8 b2 56. Bxb2 Nxb2 57. Rxh7 c3 58. Rg7 Qh5+ 59. Kg2 Qxh6
60. Rxb7+ Kc6 61. Rb4 Qd2+ 62. Kh3 Kc5 63. Rg4 c2 64. Rxg6 c1=Q 65. Rg8 Qh1+ 66.
Kg4 Qd7+ 67. Kg5 Qdd5+ 68. Kg6 Qxg8+ 0-1

[Event "World Blitz Women 2017"]
[Site "Riyadh KSA"]
[Date "2017.12.30"]
[Round "18.23"]
[White "Girya, Olga"]
[Black "Zawadzka, Jolanta"]
[Result "0-1"]
[WhiteTitle "WGM"]
[BlackTitle "WGM"]
[WhiteElo "2484"]
[BlackElo "2424"]
[WhiteFideId "4195752"]
[BlackFideId "1122320"]
[EventDate "2017.12.29"]

1. d4 d5 2. c4 e6 3. Nf3 c6 4. e3 Nf6 5. b3 Nbd7 6. Bd3 Bd6 7. Bb2 O-O 8. Nbd2
b6 9. O-O Bb7 10. Qc2 Qe7 11. Ne5 h6 12. Rad1 Rac8 13. f4 c5 14. Ndf3 cxd4 15.
exd4 Ne4 16. Nxd7 Qxd7 17. Ne5 Qe7 18. Bxe4 dxe4 19. Qe2 Rfe8 20. d5 exd5 21.
cxd5 f6 22. Nc4 Bc5+ 23. Kh1 Rcd8 24. d6 Qf7 25. Rfe1 Ba6 26. Qc2 Bxc4 27. bxc4
e3 28. Qb3 Qh5 29. Bd4 e2 30. Rd2 Rxd6 31. Qc3 Bxd4 32. Rxd4 Qc5 33. Rxd6 Qxd6
34. Qf3 Qd2 35. Qd5+ Qxd5 36. cxd5 Kf7 37. Kg1 Re4 38. g3 Ke7 39. Kf2 Kd6 40.
Rxe2 Rxe2+ 41. Kxe2 Kxd5 42. Kd3 a6 43. a3 f5 44. h3 g6 45. h4 b5 0-1

[Event "World Blitz Women 2017"]
[Site "Riyadh KSA"]
[Date "2017.12.30"]
[Round "18.24"]
[White "Gaponenko, Inna"]
[Black "Charkhalashvili, Inga"]
[Result "1/2-1/2"]
[WhiteTitle "IM"]
[BlackTitle "WGM"]
[WhiteElo "2435"]
[BlackElo "2355"]
[WhiteFideId "14101181"]
[BlackFideId "13601431"]
[EventDate "2017.12.29"]

1. e4 c6 2. d4 d5 3. exd5 cxd5 4. c4 Nf6 5. Nc3 Nc6 6. cxd5 Nxd5 7. Nf3 Bg4 8.
Qb3 Bxf3 9. gxf3 e6 10. Qxb7 Nxd4 11. Bb5+ Nxb5 12. Qc6+ Ke7 13. Qxb5 Qd7 14.
Nxd5+ Qxd5 15. Bg5+ f6 16. Qxd5 exd5 17. Be3 Ke6 18. O-O-O Bb4 19. a3 Ba5 20. b4
Rhc8+ 21. Kb2 Bc7 22. f4 Rd8 23. Rd3 a5 24. Rc1 Rd7 25. b5 Rb8 26. a4 Kf5 27.
Rc5 Bxf4 28. Bxf4 Kxf4 29. Rdxd5 Re7 30. Rd2 Re4 31. Ka3 Rb7 32. Rb2 f5 33. Rb3
g5 34. b6 Re6 35. Rbb5 Rbxb6 36. Rxf5+ Ke4 37. Rxg5 Rbd6 38. Rxa5 Rd3+ 39. Kb4
Rd1 40. Rab5 Kf3 41. Rgf5+ Kg2 42. h4 Ra1 43. Rf4 Ra6 44. a5 Rb1+ 45. Kc5 Ra1
46. Kb4 Rb1+ 47. Kc5 Ra1 48. Rf7 h5 49. Rf5 R1xa5 50. Rxh5 Rxb5+ 51. Kxb5 Rf6
52. Rg5+ Kxf2 53. h5 Kf3 54. Kc5 Kf4 55. Rd5 Rh6 56. Kd4 Kg4 57. Ke4 Rxh5 1/2-1/2

[Event "World Blitz Women 2017"]
[Site "Riyadh KSA"]
[Date "2017.12.30"]
[Round "18.25"]
[White "Sukandar, Irine Kharisma"]
[Black "Hoang, Thi Bao Tram"]
[Result "0-1"]
[WhiteTitle "IM"]
[BlackTitle "WGM"]
[WhiteElo "2384"]
[BlackElo "2410"]
[WhiteFideId "7101937"]
[BlackFideId "12401102"]
[EventDate "2017.12.29"]

1. e4 c6 2. d4 d5 3. Nc3 dxe4 4. Nxe4 Nf6 5. Nxf6+ exf6 6. c3 Bd6 7. Bd3 O-O 8.
Ne2 Be6 9. O-O Qc7 10. Ng3 g6 11. c4 Rd8 12. Qf3 f5 13. Bg5 Be7 14. Be3 Bf6 15.
Ne2 Nd7 16. Rac1 Qa5 17. a3 Nf8 18. Bd2 Qc7 19. Bc3 Bg7 20. d5 Bd7 21. Ng3 Re8
22. Rfd1 Bxc3 23. Rxc3 Qe5 24. Bf1 c5 25. Rc2 b6 26. Re2 Qf6 27. Ne4 Qe7 28. Nc3
Qd6 29. Rde1 h5 30. g3 Nh7 31. h4 Nf6 32. Bh3 Kg7 33. Rxe8 Rxe8 34. Rxe8 Bxe8
35. Qe3 Bd7 36. Bg2 Ng4 37. Qe2 Qe5 38. Qxe5+ Nxe5 39. b3 f4 40. gxf4 Nd3 41.
Be4 Nxf4 42. b4 Kf6 43. f3 Ke5 44. bxc5 bxc5 45. Kf2 Kd4 46. Nb5+ Kxc4 47. Nd6+
Kb3 48. Nxf7 c4 49. Ne5 c3 50. Nxd7 c2 51. Nc5+ Kc4 52. Ne6 c1=Q 53. d6 Nxe6 54.
d7 Qd2+ 0-1

[Event "World Blitz Women 2017"]
[Site "Riyadh KSA"]
[Date "2017.12.30"]
[Round "18.26"]
[White "Zatonskih, Anna"]
[Black "Cornette, Deimante"]
[Result "1-0"]
[WhiteTitle "IM"]
[BlackTitle "IM"]
[WhiteElo "2452"]
[BlackElo "2439"]
[WhiteFideId "14101572"]
[BlackFideId "12802859"]
[EventDate "2017.12.29"]

1. e4 Nf6 2. e5 Nd5 3. d4 d6 4. c4 Nb6 5. exd6 cxd6 6. Nc3 g6 7. Be3 Bg7 8. Rc1
O-O 9. b3 Bf5 10. Be2 Nc6 11. d5 Ne5 12. f4 Ned7 13. g4 Bxc3+ 14. Rxc3 Be4 15.
Nf3 Nf6 16. h3 Nfxd5 17. cxd5 Nxd5 18. Bd2 Nxc3 19. Bxc3 d5 20. O-O Rc8 21. Qd2
Qc7 22. Rc1 Qb6+ 23. Kf1 Rfd8 24. Ng5 h6 25. Nf3 Bxf3 26. Bxf3 d4 27. Bb2 Rxc1+
28. Bxc1 d3 29. Bb2 Qc5 30. Qc3 Qxc3 31. Bxc3 Rc8 32. Bd2 Rc2 33. Ke1 Rxa2 34.
Bxb7 Rb2 35. Bd5 e6 36. Bc4 Kf8 37. b4 Ke7 38. Bxd3 Rb3 39. Ke2 Kd6 40. h4 Kd5
41. h5 gxh5 42. gxh5 f5 43. Ba6 Rh3 44. Bb7+ Kd6 45. Be3 Kc7 46. Bf3 Rh2+ 47.
Kd3 a6 48. Bd4 Rh3 49. Ke2 Rh2+ 50. Ke3 Kd6 51. Be5+ Ke7 52. Be2 Rh3+ 53. Kd2
Rb3 54. Bc3 Ra3 55. Bd3 Ra2+ 56. Ke3 Kf7 57. Bc4 Ra3 58. Kd4 Ke7 59. Bd3 Kd6 60.
Kc4 Ra2 61. Be5+ Kc6 62. Kd4 Rh2 63. Bc4 Kb6 64. Bxe6 Rxh5 65. Bd6 Kc6 66. Bc5
Rh1 67. Bd5+ 1-0

[Event "World Blitz Women 2017"]
[Site "Riyadh KSA"]
[Date "2017.12.30"]
[Round "18.27"]
[White "Khukhashvili, Sopiko"]
[Black "Berend, Elvira"]
[Result "0-1"]
[WhiteTitle "IM"]
[BlackTitle "WGM"]
[WhiteElo "2312"]
[BlackElo "2303"]
[WhiteFideId "13602055"]
[BlackFideId "4000510"]
[EventDate "2017.12.29"]

1. b4 e5 2. Bb2 Bxb4 3. Bxe5 Nf6 4. Nf3 O-O 5. e3 d5 6. a3 Bd6 7. Bb2 c5 8. Be2
Nc6 9. O-O Re8 10. h3 Bc7 11. d3 Bf5 12. Nbd2 Bg6 13. c4 dxc4 14. dxc4 Qe7 15.
Qb3 b6 16. Rfd1 Rad8 17. Nf1 Ne4 18. Rxd8 Rxd8 19. Rd1 Rxd1 20. Qxd1 Qd6 21.
Qxd6 Nxd6 22. Ne5 Nxe5 23. Bxe5 f6 24. Bf4 Bf7 25. Nd2 Kf8 26. Bd3 g6 27. Ne4
Ke7 28. Nc3 Kd7 29. Bxd6 Bxd6 30. Nb5 Bb8 31. f4 a6 32. Nc3 Bd6 33. Kf2 Kc6 34.
Be4+ Kd7 35. Bd5 Be8 36. Bb7 a5 37. Nd5 f5 38. Nf6+ Ke7 39. Nxh7 b5 40. cxb5
Bxb5 41. g4 c4 42. a4 Bxa4 43. Ba6 Bb3 44. Ke2 a4 45. Kd2 a3 46. Kc1 a2 47. Kb2
Ba3+ 48. Ka1 c3 49. Bd3 Bb2# 0-1

[Event "World Blitz Women 2017"]
[Site "Riyadh KSA"]
[Date "2017.12.30"]
[Round "18.28"]
[White "Shuvalova, Polina"]
[Black "Mkrtchian, Lilit"]
[Result "1/2-1/2"]
[WhiteTitle "WIM"]
[BlackTitle "IM"]
[WhiteElo "2385"]
[BlackElo "2376"]
[WhiteFideId "24171760"]
[BlackFideId "13300601"]
[EventDate "2017.12.29"]

1. d4 e6 2. c4 f5 3. Nc3 Nf6 4. Nf3 b6 5. g3 Bb4 6. Bg2 Bb7 7. O-O Bxc3 8. bxc3
O-O 9. c5 bxc5 10. dxc5 Be4 11. c4 Nc6 12. Bf4 Rc8 13. Qa4 Qe7 14. Qa3 e5 15.
Bg5 Qe6 16. Rfd1 Qxc4 17. Bxf6 Rxf6 18. Rxd7 Qxe2 19. Re1 Qc4 20. Nd2 Qe6 21.
Nxe4 fxe4 22. Qb3 Nd4 23. Qxe6+ Nxe6 24. c6 Nc5 25. Rd5 Nd3 26. Rxe4 Nxf2 27.
Rexe5 Rb8 28. Rf5 Ng4 29. Rxf6 Nxf6 30. Ra5 Rb1+ 31. Kf2 Rb2+ 32. Kg1 Rb1+ 33.
Kf2 Rb2+ 34. Kf3 Rc2 35. Ra6 g5 36. g4 h5 37. gxh5 g4+ 38. Kg3 Nxh5+ 39. Kxg4
Rxg2+ 40. Kxh5 Rxh2+ 41. Kg6 Rc2 42. Kf6 Kf8 43. Ke6 Ke8 44. Kd5 Rd2+ 45. Ke6
Rc2 46. Kd5 Rd2+ 47. Kc5 Rc2+ 48. Kb5 Rb2+ 49. Kc4 Rc2+ 50. Kd5 Rd2+ 51. Kc4
Rc2+ 52. Kb3 Rc1 53. Kb2 Rc5 54. Kb3 Rc1 55. Kb4 Ke7 56. Kb5 Rb1+ 57. Kc5 Rc1+ 1/2-1/2

[Event "World Blitz Women 2017"]
[Site "Riyadh KSA"]
[Date "2017.12.30"]
[Round "18.29"]
[White "Hoolt, Sarah"]
[Black "Vo, Thi Kim Phung"]
[Result "0-1"]
[WhiteTitle "WGM"]
[BlackTitle "WGM"]
[WhiteElo "2405"]
[BlackElo "2380"]
[WhiteFideId "24606812"]
[BlackFideId "12401838"]
[EventDate "2017.12.29"]

1. e4 e6 2. d4 d5 3. e5 c5 4. c3 Nc6 5. Nf3 Qb6 6. a3 Bd7 7. b4 c4 8. a4 f6 9.
exf6 Nxf6 10. b5 Na5 11. Ba3 Nb3 12. Ra2 Bxa3 13. Rxa3 a6 14. bxa6 Rxa6 15. Nbd2
Rxa4 16. Rxa4 Bxa4 17. Qb1 Qa5 18. Qb2 O-O 19. Be2 b5 20. O-O b4 21. Nb1 Rb8 22.
Re1 Ne4 23. Bxc4 bxc3 24. Qa2 c2 25. Qxc2 Nxd4 26. Qa2 Nxf3+ 27. gxf3 Qxe1+ 28.
Kg2 dxc4 29. Qxc4 Qxf2+ 30. Kh3 Qxf3+ 31. Kh4 g5# 0-1

[Event "World Blitz Women 2017"]
[Site "Riyadh KSA"]
[Date "2017.12.30"]
[Round "18.30"]
[White "Mamedjarova, Zeinab"]
[Black "Mamedjarova, Turkan"]
[Result "1-0"]
[WhiteTitle "WGM"]
[BlackTitle "WGM"]
[WhiteElo "2363"]
[BlackElo "2260"]
[WhiteFideId "13401521"]
[BlackFideId "13402005"]
[EventDate "2017.12.29"]

1. d4 d5 2. Nf3 Nf6 3. e3 e6 4. Bd3 Bd6 5. Nbd2 O-O 6. b3 c6 7. Bb2 Nbd7 8. Ne5
Bxe5 9. dxe5 Ne8 10. c4 f5 11. exf6 Nexf6 12. O-O e5 13. cxd5 cxd5 14. Bf5 Qe7
15. Rc1 Nb6 16. Bxc8 Raxc8 17. Nf3 Nfd7 18. Qe2 e4 19. Nd4 Ne5 20. f4 Nd3 21.
Rxc8 Rxc8 22. Nf5 Qd7 23. g4 Nxb2 24. Qxb2 Rc6 25. h3 Nc8 26. Rd1 Rg6 27. Qe5
Nb6 28. Ne7+ Kf7 29. Nxg6 hxg6 30. a4 Qe6 31. Qd4 a5 32. Rc1 Nd7 33. Rc7 b6 34.
b4 Qd6 35. Ra7 axb4 36. a5 bxa5 37. Rxa5 Nf6 38. g5 Nh5 39. Qxd5+ Qxd5 40. Rxd5
Ke6 41. Rb5 b3 42. Kf2 b2 43. Rxb2 1-0

[Event "World Blitz Women 2017"]
[Site "Riyadh KSA"]
[Date "2017.12.30"]
[Round "18.31"]
[White "Enkhtuul, Altan-Ulzii"]
[Black "Arakhamia-Grant, Ketevan"]
[Result "0-1"]
[WhiteTitle "WGM"]
[BlackTitle "GM"]
[WhiteElo "2344"]
[BlackElo "2350"]
[WhiteFideId "4901444"]
[BlackFideId "13600168"]
[EventDate "2017.12.29"]

1. b4 e5 2. Bb2 d6 3. c4 Nf6 4. e3 g6 5. d4 Nbd7 6. Nf3 e4 7. Nfd2 c6 8. Nc3 d5
9. Qb3 Nb6 10. a4 Be6 11. c5 Nbd7 12. b5 Bg7 13. Be2 O-O 14. a5 a6 15. bxc6 bxc6
16. Na4 Ne8 17. Nb6 Ra7 18. O-O f5 19. f4 Nc7 20. Qd1 Nb5 21. Rc1 Kh8 22. Nb3
Nf6 23. Kh1 Rg8 24. Bxb5 axb5 25. Bc3 Bh6 26. Be1 g5 27. fxg5 Bxg5 28. Qe2 Ng4
29. Bd2 Qb8 30. g3 Qe8 31. Ra1 Rg6 32. h3 Rh6 33. Kg2 Nf6 34. Rh1 Qg8 35. Rag1
Rg7 36. Kf1 Nh5 37. Ke1 Nxg3 38. Rxg3 Bh4 39. Kd1 Bxg3 40. a6 Bb8 41. Kc2 Rg2
42. Qf1 f4 43. a7 Bxa7 44. Qxf4 Qg7 45. Rf1 Rgg6 46. h4 Rf6 47. Qg5 Rxf1 48.
Qd8+ Qg8 49. Qe7 Bb8 50. Na5 Rf7 51. Qg5 Bf5 52. Qxh6 Bg6 53. Nxc6 Bc7 54. h5
Bf5 55. Ne5 Bxe5 56. dxe5 Qf8 57. Qxf8+ Rxf8 58. c6 d4 59. Bb4 d3+ 60. Kd2 Rg8
61. c7 Be6 62. Kc3 Kg7 63. Be7 Bc8 64. Bd8 Bb7 65. Bf6+ Kf7 66. Bd8 Ke6 67. Bf6
Kf5 68. Nd7 Bc8 69. Nc5 b4+ 70. Kb3 Rg2 71. Be7 Rg1 72. Bh4 d2 73. Kxb4 d1=Q 74.
Kb5 Qd5 75. Be7 Rb1+ 76. Ka5 Qa8+ 0-1

[Event "World Blitz Women 2017"]
[Site "Riyadh KSA"]
[Date "2017.12.30"]
[Round "18.32"]
[White "Assaubayeva, Bibisara"]
[Black "Socko, Monika"]
[Result "0-1"]
[WhiteTitle "FM"]
[BlackTitle "GM"]
[WhiteElo "2381"]
[BlackElo "2471"]
[WhiteFideId "13708694"]
[BlackFideId "1106619"]
[EventDate "2017.12.29"]

1. d4 Nf6 2. c4 e6 3. Nf3 Bb4+ 4. Nbd2 a5 5. a3 Be7 6. e4 d5 7. cxd5 exd5 8. e5
Nfd7 9. Nb1 c5 10. Nc3 Nb6 11. dxc5 Bxc5 12. Bb5+ Nc6 13. O-O O-O 14. h3 Bf5 15.
Bf4 Rc8 16. Ne2 Nc4 17. Qb3 Be4 18. Rad1 Bxf3 19. Qxf3 N4xe5 20. Qxd5 Qe7 21.
Nc3 Ng6 22. Bg3 Rcd8 23. Qe4 Qxe4 24. Nxe4 Bd4 25. Bxc6 bxc6 26. Bd6 Bxb2 27.
Bxf8 Rxf8 28. a4 Ne5 29. Rd2 Ba3 30. Rc2 f5 31. Nc5 Rd8 32. f4 Nf7 33. Nb3 Bb4
34. Rxc6 g6 35. Rfc1 Rd3 36. Nc5 Re3 37. Ne6 Nd6 38. Ng5 Rd3 39. Rc7 Bd2 40. Rb1
Be3+ 41. Kh1 Ne8 42. Re7 Kf8 43. Rf7+ Kg8 44. Re7 Kf8 45. Rf7+ Kg8 46. Rfb7 Bxf4
47. Ne6 Bd6 48. Rd7 Re3 49. Ng5 Re2 50. h4 h6 51. Nf3 Bf4 52. Rb5 Nf6 53. Rd8+
Kf7 54. Rxa5 Ke7 55. Rc8 Nd7 56. Ra7 Ra2 57. Kg1 Be3+ 58. Kh2 Bxa7 59. Rc7 Bb8 0-1

[Event "World Blitz Women 2017"]
[Site "Riyadh KSA"]
[Date "2017.12.30"]
[Round "18.33"]
[White "Galojan, Lilit"]
[Black "Badelka, Olga"]
[Result "1/2-1/2"]
[WhiteTitle "IM"]
[BlackTitle "WIM"]
[WhiteElo "2300"]
[BlackElo "2388"]
[WhiteFideId "13301314"]
[BlackFideId "13509926"]
[EventDate "2017.12.29"]

1. c4 c5 2. Nf3 Nf6 3. Nc3 Nc6 4. d4 cxd4 5. Nxd4 g6 6. e4 Bg7 7. Be3 d6 8. Be2
O-O 9. O-O a6 10. Rc1 Bd7 11. f3 Rc8 12. Qd2 Re8 13. Rfd1 Ne5 14. b3 Qc7 15. Bf1
Qb8 16. Kh1 h5 17. a4 Bc6 18. a5 Bd7 19. Nce2 Nc6 20. Rc2 Qc7 21. Ra2 Nh7 22.
Nc2 Nf6 23. Nf4 Ne5 24. Bb6 Qb8 25. Nd5 Nxd5 26. exd5 e6 27. dxe6 Rxe6 28. Nd4
Ree8 29. Ne2 Bf8 30. Ng3 Bc6 31. Be2 h4 32. Ne4 Bxe4 33. fxe4 Re6 34. Rf1 Rce8
35. Bd1 Qc8 36. Qf2 h3 37. gxh3 Qc6 38. Qg2 Nd3 39. Rg1 Rxe4 40. Bf3 Nf4 41.
Bxe4 Rxe4 42. Qf3 Bg7 43. Rd2 Ne6 44. Rf1 Ng5 45. Qg2 Bh6 46. Rd5 Re7 47. Rxg5
Bxg5 48. Qxc6 bxc6 49. Kg2 Be3 50. Re1 Bg5 51. Rxe7 Bxe7 52. Kf3 f5 53. Bf2 Kf7
54. h4 Ke6 55. Kf4 Bd8 56. Be1 d5 57. Ke3 Ke5 58. Bg3+ Ke6 59. Be1 Bc7 60. h3
dxc4 61. bxc4 Bd8 62. Kd4 Kd6 63. Bg3+ Kd7 64. Be1 Kd6 65. Bg3+ Kd7 66. Be1 Kd6
67. Bg3+ Kd7 68. Be1 1/2-1/2

[Event "World Blitz Women 2017"]
[Site "Riyadh KSA"]
[Date "2017.12.30"]
[Round "18.34"]
[White "Karavade, Eesha"]
[Black "Zozulia, Anna"]
[Result "1-0"]
[WhiteTitle "IM"]
[BlackTitle "IM"]
[WhiteElo "2384"]
[BlackElo "2316"]
[WhiteFideId "5012600"]
[BlackFideId "14102110"]
[EventDate "2017.12.29"]

1. Nf3 Nf6 2. c4 g6 3. b3 Bg7 4. Bb2 O-O 5. g3 d6 6. d4 a5 7. Nc3 Nbd7 8. Bg2 e5
9. O-O Re8 10. Qc2 exd4 11. Nxd4 Nc5 12. Rad1 c6 13. h3 Qe7 14. Rfe1 Bd7 15. e4
Rad8 16. a3 Bc8 17. b4 axb4 18. axb4 Ne6 19. Nce2 Qc7 20. Nxe6 Bxe6 21. Nf4 Nd7
22. Bxg7 Kxg7 23. Qc3+ Kg8 24. Nxe6 Rxe6 25. h4 Rde8 26. f3 R6e7 27. Kh2 Ne5 28.
Bh3 Qb6 29. Kg2 Qc7 30. Qd4 c5 31. bxc5 dxc5 32. Qc3 Ra8 33. Re2 Nc6 34. Rd5 Nd4
35. Rb2 b6 36. h5 Ra7 37. h6 Qb8 38. Kh2 Qa8 39. Rxd4 cxd4 40. Qxd4 f5 41. exf5
Ra2 42. fxg6 Re2+ 43. Rxe2 Rxe2+ 44. Bg2 Qb7 45. gxh7+ Kxh7 46. Qd3+ Kxh6 47.
Qxe2 1-0

[Event "World Blitz Women 2017"]
[Site "Riyadh KSA"]
[Date "2017.12.30"]
[Round "18.35"]
[White "Tokhirjonova, Gulrukhbegim"]
[Black "Gvetadze, Sofio"]
[Result "1/2-1/2"]
[WhiteTitle "WGM"]
[BlackTitle "IM"]
[WhiteElo "2329"]
[BlackElo "2289"]
[WhiteFideId "14203626"]
[BlackFideId "13601440"]
[EventDate "2017.12.29"]

1. e4 Nf6 2. e5 Nd5 3. d4 d6 4. Nf3 dxe5 5. Nxe5 c6 6. Be2 Nd7 7. O-O Nxe5 8.
dxe5 Bf5 9. c4 Nb4 10. Na3 e6 11. Bd2 a5 12. Bc3 Qb6 13. Qc1 Bc5 14. Qf4 O-O 15.
h4 Rfd8 16. h5 h6 17. Qg3 Bd3 18. Bxb4 axb4 19. Bxd3 bxa3 20. b3 Rd4 21. Rad1
Rad8 22. Qf3 Qc7 23. Rfe1 Bb4 24. Re4 R4d7 25. Bc2 Rd2 26. Rxd2 Rxd2 27. Re2 Rd4
28. Re4 Rd2 29. Re2 Rd8 30. Qe4 Kf8 31. Qh7 Bd2 32. Qh8+ Ke7 33. Qxg7 Bg5 34. f4
Qb6+ 35. Kh2 Bxf4+ 36. g3 Bg5 37. Kg2 Rd2 38. Rxd2 Bxd2 39. Bg6 Qe3 40. Qxf7+
Kd8 41. Qf8+ Kc7 42. Qd6+ Kb6 43. Qd3 Qxd3 44. Bxd3 Bc3 45. Be2 Bxe5 46. Bg4 Kc5
47. Bxe6 Kd4 48. Kf3 Kd3 49. b4 b6 50. c5 b5 51. g4 Bf6 52. Bd7 Kc4 53. Bxc6
Kxb4 54. Be8 Kxc5 55. Bf7 Kd4 56. Bg8 Kc3 57. Ke4 b4 58. Kf5 Bg5 59. Bf7 Kb2 60.
Be6 1/2-1/2

[Event "World Blitz Women 2017"]
[Site "Riyadh KSA"]
[Date "2017.12.30"]
[Round "18.36"]
[White "Gu, Xiaobing"]
[Black "Papp, Petra"]
[Result "0-1"]
[WhiteTitle "WGM"]
[BlackTitle "WGM"]
[WhiteElo "2332"]
[BlackElo "2313"]
[WhiteFideId "8602611"]
[BlackFideId "739049"]
[EventDate "2017.12.29"]

1. e4 c5 2. Nf3 d6 3. d4 cxd4 4. Nxd4 Nf6 5. Nc3 a6 6. Bg5 Nbd7 7. f4 g6 8. Qe2
Bg7 9. O-O-O Qa5 10. Kb1 O-O 11. g4 Qc5 12. Nb3 Qc7 13. Bh4 Nb6 14. h3 Be6 15.
f5 Bc4 16. Qf3 Bxf1 17. Rhxf1 Nfd7 18. Bxe7 Ne5 19. Bxd6 Qc6 20. Qg3 Nec4 21. f6
Bh8 22. Bxf8 Rxf8 23. g5 h5 24. Nd5 Nxd5 25. exd5 Qb5 26. d6 Rd8 27. d7 Rxd7 28.
a3 a5 29. Qf4 Rxd1+ 30. Rxd1 a4 31. Qb8+ Kh7 32. Qc7 Bxf6 33. gxf6 axb3 34.
Qxf7+ Kh6 35. Qg7+ Kg5 36. c3 Qf5+ 37. Ka1 Ne3 38. Rg1+ Kh4 39. Rg4+ hxg4 40.
Qh6+ Qh5 41. Qxe3 gxh3 42. Qf4+ Qg4 43. Qf2+ Qg3 44. Qd4+ Kh5 45. Qd5+ g5 46.
Qxb3 h2 47. Qd5 Qg1+ 48. Ka2 h1=Q 49. Qf7+ Kh4 50. Qh7+ Kg3 51. Qd3+ Qf3 52.
Qd6+ Qf4 53. Qd3+ Kh2 54. Qh7+ Kg2 55. Qxb7+ Qf3 56. Qxf3+ Kxf3 57. f7 Qc5 58.
b4 Qc4+ 59. Kb2 Qxf7 60. a4 g4 61. a5 g3 62. b5 Qc4 63. b6 Qb5+ 64. Kc2 Qxa5 65.
c4 Qxb6 0-1

[Event "World Blitz Women 2017"]
[Site "Riyadh KSA"]
[Date "2017.12.30"]
[Round "18.37"]
[White "Ding, Yixin"]
[Black "Rapport, Jovana"]
[Result "1/2-1/2"]
[WhiteTitle "WGM"]
[BlackTitle "WGM"]
[WhiteElo "2424"]
[BlackElo "2299"]
[WhiteFideId "8602972"]
[BlackFideId "937266"]
[EventDate "2017.12.29"]

1. e4 g6 2. d4 Nf6 3. e5 Nh5 4. g4 Ng7 5. Bg2 d6 6. exd6 exd6 7. Be3 h5 8. h3
hxg4 9. hxg4 Rxh1 10. Bxh1 Qh4 11. Bf3 Ne6 12. Nc3 Bh6 13. Qd2 Bxe3 14. Qxe3 Qg5
15. O-O-O Qxe3+ 16. fxe3 c6 17. d5 Ng5 18. Be2 c5 19. Nb5 Kd7 20. Nf3 a6 21.
Nxg5 axb5 22. Bxb5+ Ke7 23. a3 Bxg4 24. Rf1 f6 25. Ne4 f5 26. Ng5 Nd7 27. Bxd7
Kxd7 28. Rh1 Bh5 29. e4 Rf8 30. Ne6 Rf7 31. Ng5 Rf8 32. Ne6 Rf7 33. Ng5 Rf8 34.
Ne6 Rf7 35. Ng5 1/2-1/2

[Event "World Blitz Women 2017"]
[Site "Riyadh KSA"]
[Date "2017.12.30"]
[Round "18.38"]
[White "Atalik, Ekaterina"]
[Black "Munguntuul, Batkhuyag"]
[Result "0-1"]
[WhiteTitle "IM"]
[BlackTitle "IM"]
[WhiteElo "2451"]
[BlackElo "2397"]
[WhiteFideId "4130189"]
[BlackFideId "4900758"]
[EventDate "2017.12.29"]

1. d4 d5 2. c4 c6 3. Nf3 Nf6 4. Nc3 a6 5. e3 b5 6. b3 Bf5 7. Nh4 Bg4 8. f3 Be6
9. g4 g6 10. Ng2 Bg7 11. Nf4 Bc8 12. Bd2 O-O 13. h4 Re8 14. g5 Nh5 15. Nxh5 gxh5
16. f4 Bg4 17. Be2 Qd7 18. Rg1 bxc4 19. bxc4 dxc4 20. Bxg4 hxg4 21. Qxg4 Qxg4
22. Rxg4 c5 23. dxc5 Nd7 24. c6 Nc5 25. f5 Nd3+ 26. Ke2 Ne5 27. Re4 Rac8 28. Nd5
Rxc6 29. f6 exf6 30. gxf6 Bxf6 31. Rg1+ Bg7 32. Bc3 Rg6 33. Rxg6 hxg6 34. Nc7
Rc8 35. Nxa6 Nd3 36. Bxg7 Kxg7 37. Kd2 Ra8 38. Rxc4 Rxa6 39. Kxd3 Rxa2 40. Ke4
Rf2 41. Rc5 Kh6 42. Kd3 Rh2 43. Rc4 Kh5 44. Rf4 f5 45. e4 Rxh4 46. Rxh4+ Kxh4
47. e5 Kg5 48. Ke3 Kh6 49. Kf4 Kg7 50. Kg5 Kf7 0-1

[Event "World Blitz Women 2017"]
[Site "Riyadh KSA"]
[Date "2017.12.30"]
[Round "18.39"]
[White "Nguyen, Thi Mai Hung"]
[Black "Ordaz Valdes, Lisandra Teresa"]
[Result "0-1"]
[WhiteTitle "WGM"]
[BlackTitle "WGM"]
[WhiteElo "2321"]
[BlackElo "2414"]
[WhiteFideId "12401676"]
[BlackFideId "3506940"]
[EventDate "2017.12.29"]

1. d4 d5 2. Nf3 Nf6 3. Bf4 c5 4. e3 Nc6 5. Nbd2 g6 6. c3 Bg7 7. dxc5 O-O 8. Be2
a5 9. a4 Nh5 10. Bg5 h6 11. Bh4 g5 12. Bg3 Nxg3 13. hxg3 e5 14. Qc2 Qe7 15. Nb3
Be6 16. O-O d4 17. cxd4 Bxb3 18. Qxb3 exd4 19. Rfd1 Rae8 20. Rd3 Nb4 21. Rdd1
dxe3 22. Qxe3 Qxe3 23. fxe3 Rxe3 24. Kf2 Rb3 25. Rd7 Rxb2 26. Rad1 Re8 27. R1d2
Rxd2 28. Nxd2 Bf6 29. Bc4 Re7 30. Rd8+ Kg7 31. Ra8 Bd4+ 32. Kf1 Nc6 33. Nb3 Bc3
34. Bb5 Ne5 35. Nxa5 Ng4 36. Be2 Ne3+ 37. Kf2 Bd4 38. Kf3 g4+ 39. Kf4 Nxg2+ 40.
Kxg4 Rxe2 41. Nxb7 Ne1 42. c6 Re4+ 43. Kh3 Be5 44. Re8 Nf3 45. c7 Ng5+ 46. Kg2
Bxc7 47. Rxe4 Nxe4 48. a5 Nc3 49. a6 Nb5 50. Nc5 Bb6 51. Nd7 Bd4 52. Nb8 Kg6 53.
Nc6 Bc5 54. Kf3 Kf5 55. g4+ Kg5 56. Ne5 f6 57. Nd7 Ba7 58. Nf8 Nc7 59. Nh7+ Kg6
60. Nf8+ Kf7 61. Nd7 Nxa6 62. Kf4 Bd4 63. Ke4 Nc5+ 64. Kxd4 Nxd7 65. Ke4 Kg6 66.
Kf4 Ne5 67. Kg3 Kg5 68. Kh3 Nxg4 69. Kg3 f5 0-1